000 00819nam a2200217Ia 4500
003 GCL
008 140319s9999 xx 000 0 ara d
040 _aGCL /
_cGCL
082 0 4 _a928.1
_bع ط
100 1 _aعبدالله عبدالخالق مصطفى
245 1 0 _aطاهر زمخشرى حياته و شعره /
_cعبدالله عبدالخالق مصطفى
260 _aالرياض :
_bمطبوعات نادى مكة الثقافى الادبى ،
_c1981
300 _a197 ص ؛
_c24 سم
650 0 4 _aالتراجم الادبية
650 0 4 _aالرجال - تراجم
650 0 4 _aالشعراء العرب - السعودية
650 0 4 _aطاهر زمخشرى
650 0 4 _aالادب العربى - السعودية
650 0 4 _aالادباء العرب - السعودية
942 _2ddc
_cBK
999 _c6979
_d6979